LEADER 00922nam a2200217 i 4500 001 000000217366 003 CaOOAMICUS 005 20121204000000.0 008 121204s1963 it u000 u ita u 013 $a196263 040 $aSeMil$bita 245 10$aSaggi politici e di vario argomento. 300 $a282 p. 490 0 $aPubblicazioni dell'Istituto di filosofia del diritto dell'Università di Roma ;$v20 500 $aContiene : Appendice. 650 4$aDiritto.$0(OLS)http://semarc/subject/1609 773 0 $aDel Vecchio, Giorgio <1878-1970>$tParerga.$dMilano : Giuffrè, 1961-1966.$g2$w()1401 830 0$aPubblicazioni dell'Istituto di filosofia del diritto dell'Università di Roma ;$v20.$0(OLS)http://semarc/title/27058 850 $aSeMil 852 $aSeMil$W1$xVenegono$y1$m2J IV 149$j167780$B167780$CSeMilBibl$Z2$F178547 $81 996 $6245$aSaggi politici e di vario argomento$9(OLS)http://semarc/title/312314 LEADER 01678nam a2200289 i 4500 001 000000224246 003 CaOOAMICUS 005 20251110141103.0 008 131129s1618 it u000 u lat u 013 $a203144 026 $an-u- *;** *.** euvi (3) 1618 (R) - [*=Caratteri greci] 040 $aSeMil$bita 100 0 $aCyrillus : Alexandrinus,$c.$0(OLS)http://semarc/name/480 245 10$aSancti patris nostri Cyrilli Alexandr. Archiepiscopi Eortastikoi logoi L. Sermones paschales triginta: ex interpretatione Antonii Salmatiae, S. Theologiae in Ambrosiano collegio doctoris. 250 $aGraece nunc primum & latine typis editi ex Ambrosiana Mediolan. Bibliotheca 260 $aAntuerpiae :$bApud Heredes Martini Nutii et Ioannem Meursium,$c1618. 300 $a[8], 304, [8] p. ;$cfol. 500 $aTesto in latino e greco su due colonne 500 $aMarca editoriale: In cornice figurata: una cicogna nutre con una serpe il piccolo: Motto: Pietas homini tutissima virtus. (D17001). 500 $aFront. stampato in rosso e nero 500 $aSegn.: *4 A-2Q4 700 1 $aNuyts, Martin$b<2.,$cEditore>.$0(OLS)http://semarc/name/78089 850 $aSeMil 852 $aSeMil$W1$xVenegono$y1$m2O VI 42 FA$j174592$B174592$CSeMilBibl$Z2$F185938 $8I 996 $6245$aSancti patris nostri Cyrilli Alexandr. Archiepiscopi Eortastikoi logoi L. Sermones paschales triginta: ex interpretatione Antonii Salmatiae, S. Theologiae in Ambrosiano collegio doctoris$9(OLS)http://semarc/title/321351 996 $6260$aAntuerpiae :$bApud Heredes Martini Nutii et Ioannem Meursium$9(OLS)http://semarc/publisher/53376